Scale-up in practice (Record no. 24933)

000 -LEADER
fixed length control field 00599nam a2200217 4500
001 - CONTROL NUMBER
control field 24933
003 - CONTROL NUMBER IDENTIFIER
control field BD-DhUET
008 - FIXED-LENGTH DATA ELEMENTS--GENERAL INFORMATION
fixed length control field 700203s1958 nyua b 100 0 eng
040 ## - CATALOGING SOURCE
Original cataloging agency DLC
Transcribing agency DLC
Modifying agency BD-DhUET
082 00 - DEWEY DECIMAL CLASSIFICATION NUMBER
Classification number 660.28
Item number FLE/1958
100 ## - MAIN ENTRY--PERSONAL NAME
Personal name Fleming, Richard
245 00 - TITLE STATEMENT
Title Scale-up in practice
Statement of responsibility, etc. Edited by Richard Fleming
250 ## - EDITION STATEMENT
Edition statement 1st ed.
260 ## - PUBLICATION, DISTRIBUTION, ETC. (IMPRINT)
Place of publication, distribution, etc. New York
Name of publisher, distributor, etc. Reinhold Publishing
Date of publication, distribution, etc. 1958
300 ## - PHYSICAL DESCRIPTION
Extent iv, 134 p.
Other physical details illus.
Dimensions 20 cm.
490 0# - SERIES STATEMENT
Series statement A Reinhold pilot book.
504 ## - BIBLIOGRAPHY, ETC. NOTE
Bibliography, etc Includes bibliographies
650 #0 - SUBJECT ADDED ENTRY--TOPICAL TERM
Topical term or geographic name as entry element Chemical engineering
650 #0 - SUBJECT ADDED ENTRY--TOPICAL TERM
Topical term or geographic name as entry element Chemical plants
942 ## - ADDED ENTRY ELEMENTS (KOHA)
Koha item type Edited Book
Holdings
Koha date last seen Koha normalized classification for sorting Not for loan Price effective from Sublocation or collection (holding branch) Koha full call number Lost status Withdrawn status Date acquired Shelving location Copy number Damaged status Piece designation (barcode) Location (home branch) Koha item type Source of classification or shelving scheme
2015-05-11660_280000000000000_FLE_1958 2015-05-11Central Library, BUET660.28/FLE/1958  2015-05-11Circulation section1 8105Central Library, BUETEdited Book